| 000 | 00909nam a2200181Ia 4500 | ||
|---|---|---|---|
| 008 | 100920s9999 xx 000 0 und d | ||
| 082 |
_b24007 _a51 थ 71 |
||
| 100 | _aसंपादक-केतकर वा. वि. | ||
| 245 | _aपं. गजानानराव जोशी आत्मचरित्र व व्हायोलिनच्या गती. | ||
| 260 |
_bगोरेगाव म्यूझिक सर्कल, मुंबई. _c1971 |
||
| 300 |
_a142 _bसाधी |
||
| 365 | _b10 | ||
| 520 | _aचरित्र. | ||
| 630 | _aपं. गजानानराव जोशी आत्मचरित्र व व्हायोलिनच्या गती. | ||
| 650 | _aचरित्र. | ||
| 730 | _aपं. गजानानराव जोशी आत्मचरित्र व व्हायोलिनच्या गती. | ||
| 942 | _cBOOK | ||
| 999 |
_c682619 _d682616 |
||